000 01365cam a22002774a 4500
001 3560
005 20250521094236.0
020 _a0769633765
040 _aDLC
_cDLC
_dDLC
_beng
050 0 0 _aTH9372.S745
_b 2004
082 0 0 _a629.225
100 1 _aStickland, Paul
245 1 0 _aSpecial engines /
_cPaul Stickland
250 _aThis edtion published in the United States of America in 2004
260 _aColubus :
_bWaterbird Books ,
_c2004
300 _a24 unnumbered pages :
_bcolor illustrations ;
_c21 cm.
505 _aH
520 _aPerfect for children who are fascinated by vehicles!Children who are interested in all kinds of vehicles will enjoy the Working Wheels series. The Working Wheels titles detail a variety of "on-the-job" vehicles, such as ambulances, moving vans, tractors, and construction trucks. A simple definition and colorful illustration introduce each vehicle, followed by explanations of unique features and uses. The Working Wheels series is perfect for enjoying at home and for enhancing concepts learned at preschool!
521 _a430
_bLexile estimate
521 _aH
_bRaz-Plus
650 0 _aFire engines
_vJuvenile literature
650 0 _aTrucks
_vJuvenile literature
650 0 _aEmergency vehicles
_vJuvenile literature
906 _a7
_bcbc
_corignew
_d1
_eocip
_f20
_gy-gencatlg
942 _2ddc
_cBK
_n0
999 _c3560
_d3560